000 00612nam a2200229Ia 4500
003 OSt
005 20220925213504.0
006 a|||||r|||| 00| 0
007 ta
008 220923b |||||||| |||| 00| 0 eng d
020 _a0521335043
037 _cGeneral Book
040 _aRTL
_cRTL
_beng
041 _2eng
_aeng
082 _aY:411, M7/TD
100 _aDouglas Mary
_9136915
245 0 _aConstructive drinking
260 _aLondon
_bCambridge university press
_c1987
300 _aix,291p
_ccm.
942 _hY:411, M7/TD
_cGB
_2CC
999 _c563026
_d563026